| 000 | 00903nam a2200181Ia 4500 | ||
|---|---|---|---|
| 008 | 151202s9999||||xx |||||||||||||| ||und|| | ||
| 082 | _bPNVM-82248 | ||
| 100 | _aजावडेकर मुरलीधर. | ||
| 245 | _aकेशवसुत वैदिक संस्कृतिचा आधुनिक उद्गाता. | ||
| 260 | _b"मुरलीधर जावडेकर साहित्यकला प्रतिष्ठान,पुणे." | ||
| 260 | _c2012 | ||
| 300 | _a212 | ||
| 600 | _aजावडेकर मुरलीधर. | ||
| 630 | _aकेशवसुत वैदिक संस्कृतिचा आधुनिक उद्गाता. | ||
| 700 | _aजावडेकर मुरलीधर. | ||
| 730 | _aकेशवसुत वैदिक संस्कृतिचा आधुनिक उद्गाता. | ||
| 942 | _cBOOK | ||
| 999 |
_c1346856 _d1346853 |
||